Pokémon - Les attaques de Angoliath - Statistiques

Statistiques générales
  • Ce quiz a été pris 22 fois
  • Le résultat moyen est 9 sur 18
Statistiques - réponses
Niveaux Types Noms des attaques % Correct
Départ Évolution Fée Choc Émotionnel
100%
Départ Ténèbres Fourbette
78%
Niveau 35 Ténèbres Vibrobscur
78%
Niveau 48 Fée Câlinerie
67%
Niveau 24 Ténèbres Coup Bas
67%
Départ Combat Gonflette
67%
Niveau 40 Ténèbres Machination
67%
Départ Ténèbres Morsure
67%
Niveau 56 Ténèbres Tricherie
67%
Niveau 16 Ténèbres Assurance
56%
Départ Ténèbres Flatterie
44%
Niveau 12 Ténèbres Croco Larme
33%
Niveau 28 Ténèbres Tourmente
33%
Niveau 20 Normal Vantardise
33%
Niveau 64 Combat Marto-Poing
22%
Départ Normal Bluff
11%
Départ Combat Poing Boost
11%
Départ Normal Confidence
0%
Aucun quiz correspondant
Distribution des résultats
% des personnes avec chaque résultat
Percentile par nombre de réponses
Votre historique - résultats
Vous n’avez pas pris ce quiz